| 000 | 00906nam a2200265 i 4500 | ||
|---|---|---|---|
| 003 | DO-SdBNP | ||
| 005 | 20230807104125.0 | ||
| 007 | ta | ||
| 008 | 110413s2002 dr ao 000 0 spa d | ||
| 040 |
_aDO-SdBNP _bspa _cBNPHU _erda |
||
| 082 |
_axxx _bH519 _222 |
||
| 100 |
_aHenríquez, Quisqueya _d1966- _958038 |
||
| 245 | 1 | 0 |
_aQuisqueya Henríquez : _bobras recientes, una presentación / _ccoordinación Paula Gómez ; traducción al ingles Paula Vega |
| 264 |
_aSanto Domingo : _bArte Actual, _c2002. |
||
| 300 |
_a[42] páginas _bilustraciones, fotografías _c31 cm. |
||
| 336 |
_2rdacontent _atexto _btxt |
||
| 337 |
_2rdamedia _asin mediación _bn |
||
| 338 |
_2rdacarrier _avolumen _bnc |
||
| 490 | 1 | _aConferencias ; | |
| 590 | _aInventariado, 2023/ YL | ||
| 700 |
_aGómez, Paula _956893 _ecoordinación |
||
| 700 |
_aVega, Paula _dtraducción _983891 |
||
| 910 | _aYLockward | ||
| 942 |
_2ddc _cLF2 |
||
| 999 |
_c54338 _d54338 |
||